Controlled radical photopolymerization of vinyl monomers

Salvato in:
Dettagli Bibliografici
Autore principale: Ahmed, Gamal Mohamed Zain (Autore)
Altri autori: Mosnáček, Jaroslav (Relatore della tesi)
Natura: Manoscritto Libro
Lingua:slovacco
inglese
Pubblicazione: 2022
Soggetti:
Accesso online:http://is.stuba.sk/zp/portal_zp.pl?podrobnosti=172499
Tags: Aggiungi Tag
Nessun Tag, puoi essere il primo ad aggiungerne!!

MARC

LEADER 00000ntm a22000003a 4500
001 stuzp87097
003 SK-STU
005 20220827210452.3
007 ta
008 150427s2015----xo-----f-mn---000-0-slo-d
040 |a STU  |b slo 
041 0 |a eng 
100 1 |a Ahmed, Gamal Mohamed Zain  |u 049370  |4 aut  |U FCHPT Ústav prírodných a syntetických polymérov  |T FCHPT Oddelenie plastov, kaučuku a vlákien  |X 99781  |U C9370  |Y 128  |7 99781 
242 0 1 |a Riadená radikálová fotopolymerizácia vinylových monomérov  |y slo 
245 1 0 |a Controlled radical photopolymerization of vinyl monomers 
260 |c 2022 
650 4 |a Riadená radikálová fotopolymerizácia  |2 slo 
650 4 |a obnoviteľné vinylové monoméry  |2 slo 
650 4 |a modifikácia povrchov  |2 slo 
650 4 |a bavlnené textílie  |2 slo 
650 4 |a fotopolymérne siete  |2 slo 
650 4 |a Renewable vinyl monomers  |2 eng 
650 4 |a Photopolymer networks  |2 eng 
650 4 |a Surface modification  |2 eng 
650 4 |a Cotton fabric  |2 eng 
650 4 |a Controlled radical photopolymerization  |2 eng 
700 1 |a Mosnáček, Jaroslav  |4 ths  |X 61944  |7 61944 
856 4 |u http://is.stuba.sk/zp/portal_zp.pl?podrobnosti=172499